=LDR 00000nam 2200000 4500 =001 INLIS000000000048048 =005 20160407113025.0 =006 =007 =008 =020 ##$$a 978-979-015-557-2 =035 ##$$0010-041600000000029 =040 ##$$a NBPDMAT =082 ##$$a 372.35 =090 ##$$a 372.35 $b Tim i =100 ##$$a Tim BKG =245 ##$$a IPA SD untuk sekolah dasar kelas III / $c Tim BKG ; editor, Chrisnawati, Hindrina Perdana =260 ##$$a Jakarta : $b Erlangga, $c 2006 =300 ##$$a 168 hlm. : $b ilus. ; $c 24 cm. =650 ##$$a Sains SD - Studi dan Pengajaran =850 ##$$a NBPDMAT =990 ##$$a 0001/BPAP-NTB/2016